Sports Quiz

Random Sports Quiz

Rays Offense: 2009 Quiz Stats

 Plays Quiz not verified by Sporcle

Also try: Sports Lingo
Challenge
Share
Tweet
Embed
Score 0/15 Timer 07:00
0 Plays Today
Hint Answer % Correct
.407 wOBA (599 PA)Ben Zobrist
98%
.377 wOBA (671 PA)Evan Longoria
98%
.377 wOBA (570 PA)Carlos Pena
98%
.306 wOBA (626 PA)B.J. Upton
96.1%
.358 wOBA (672 PA)Carl Crawford
94.1%
.383 wOBA (567 PA)Jason Bartlett
92.2%
.258 wOBA (410 PA)Dioner Navarro
84.3%
.304 wOBA (476 PA)Pat Burrell
62.7%
Hint Answer % Correct
.332 wOBA (260 PA)Akinori Iwamura
60.8%
.328 wOBA (336 PA)Willy Aybar
58.8%
.307 wOBA (326 PA)Gabe Gross
56.9%
.334 wOBA (238 PA)Gabe Kapler
54.9%
.322 wOBA (93 PA)Reid Brignac
47.1%
.277 wOBA (107 PA)Michel Hernandez
29.4%
.351 wOBA (99 PA)Gregg Zaun
19.6%

You're not logged in!

Compare scores with friends on all Sporcle quizzes.
OR
Log In

You Might Also Like...

Show Comments

Extras

Created Mar 7, 2014SourceReportNominate
Tags:Tampa Bay Rays

Top Quizzes Today


Score Distribution

Your Account Isn't Verified!

In order to create a playlist on Sporcle, you need to verify the email address you used during registration. Go to your Sporcle Settings to finish the process.

Report this User

Report this user for behavior that violates our Community Guidelines.

Details: